| 000 | 00510nam a2200181Ia 4500 | ||
|---|---|---|---|
| 001 | 24354 | ||
| 005 | 20260414151037.0 | ||
| 008 | 260414t2011||||xx |||||||||||||| ||spa|| | ||
| 041 | _aESP | ||
| 082 |
_a345.52 _bG68 |
||
| 100 |
_aGómez Sánchez Torrealva, Francisco Alberto _eAUT |
||
| 245 | 0 |
_aGuía para litigar ante el tribunal constitucional : _bactuaciones, recursos y trámites |
|
| 260 | _c2011 | ||
| 300 |
_a223 páginas : _c24 cm. |
||
| 650 | _aDER | ||
| 654 | _aCDE | ||
| 942 |
_cLIB _dJUS _fJUS _2ddc _n |
||
| 999 |
_c24354 _d24354 |
||